al-Imām al-Hạsan ibn ʻAlī : khāmis al-khulafāʼ al-Rāshidīn /

محفوظ في:

المؤلف الرئيسي: Malaṭāwī, Ḥasan Kāmil (مؤلف)

التنسيق: كتاب

اللغة: Arabic

منشور في: [al-Qāhirah] : [publisher not identified], 1386 [1966].

سلاسل: al-Taʻrīf bi-al-Islām ; al-kitāb 35.

الموضوعات:

الوسوم: إضافة وسم

لا توجد وسوم, كن أول من يضع وسما على هذه التسجيلة!

رقم الطلب: BP80 .H29 M3 1966

LEADER 01422nam a2200265Ia 4500
003 OSt
005 20230111120231.0
008 130303s1966 ua b 000 0 ara d
952 |0 0  |1 0  |2 lcc  |4 0  |6 BP0080 H29 M3 01966  |7 1  |9 45300  |a ARCE  |b ARCE  |d 2023-01-11  |l 0  |o BP80 .H29 M3 1966  |p 1028600  |r 2023-01-11 00:00:00  |w 2023-01-11  |y BK 
999 |c 24693  |d 24693 
040 |c ARCE Library 
050 4 |a BP80 .H29 M3 1966 
100 1 |6 880-01  |a Malaṭāwī, Ḥasan Kāmil,  |e author  |9 35243 
245 1 0 |6 880-02  |a al-Imām al-Hạsan ibn ʻAlī :   |b khāmis al-khulafāʼ al-Rāshidīn /   |c li-Hạsan Kāmil al-Maltạ̄wī. 
264 1 |a [al-Qāhirah] :  |b [publisher not identified],  |c 1386 [1966]. 
300 |a 196 pages ;  |c 24 cm. 
490 1 |a al-Taʻrīf bi-al-Islām ;   |v al-kitāb 35. 
500 |a At head of title: al-Jumhūrīyah al-ʻArabīyah al-Muttahịdah. al-Majlis al-Aʻlá lil-Shuʼūn al-Islāmīyah, Lajnat al-Taʻrīf bi-al-Islām. 
504 |a Includes bibliographical references (p. 195-196). 
600 0 0 |a Ḥasan ibn ʻAlī,  |d -approximately 669. 
830 0 |a al-Taʻrīf bi-al-Islām ;   |v al-kitāb 35. 
880 1 |6 100-01/(3/r  |a ملطاوي، حسن كامل‪‪‪‪‪‪‪‪‪‪‪‪‪‪‪‪‪‪‪‪‪‪‪‪‪‪ 
880 1 0 |6 245-02/(3/r  |a الإمام الحسن بن علي :   |b خامس الخلفاء الراشدين   |c لحسن كامل الملطاوي 
901 |a reviewed 
942 |c BK  |2 lcc